Quizzes
Events
Quiz Creation
Community
Videos
Private Events
Remove Ads
Sign In
Join for FREE
Feedback
Dark Mode
Quiz Categories
Sports
Geography
Music
Movies
Television
Just For Fun
Miscellaneous
History
Literature
Language
Science
Gaming
Entertainment
Religion
Holiday
For Kids
Quiz Lab
Recent
Popular Today
Quiz Kudos Today
Editor Picks
Curator Picks
Quizzes by...
Day
Popularity
Type
Ratings
Length
Year
Community
Subscriptions
Recent Discussions
Orange Saloon
Badges
Playlists
Quests
Create
Leaderboards
Showdown
Live 5
Trivia Bingo
Activity
Puzzle Library
Sporcle Events
Private Events
Virtual Trivia
Globe League
Become a Host
Pub Owners
SporcleCon
Opinionation
Our Games
Videos
Blog
Mobile Apps
Partnerships
Remove Ads and Go Orange
Feedback
Sports
Athletes
MLB
NBA
NHL
NFL
Soccer
Sports Teams
WWE
NCAA
Football
Premier League
Basketball
Baseball
Hockey
Golf
Tennis
Cricket
Rugby
Auto Racing
Olympics
World Cup
Sports
Athletes
MLB
NBA
NHL
NFL
Soccer
Sports Teams
WWE
NCAA
Football
Premier League
Basketball
Baseball
Hockey
Golf
Tennis
Cricket
Rugby
Auto Racing
Olympics
World Cup
Random Quiz
Search Sporcle
×
Quiz Lab
Quiz Lab
Sports
WWE
Type in answers that appear in a list
Type in answers that appear in a list
Classic
Best Score? Go Orange.
Elimination Chamber Participants Stats
Can you name the wrestlers who have participated in an Elimination Chamber match?
By
jrock826
12m
224 Questions
3,259 Plays
3,259 Plays
3,259 Plays
Comments
Comments
Give Quiz Kudos
Give Quiz Kudos
-
- Ratings
hide this ad
Replay
Link that replays current quiz
Next Quiz
Link to next quiz in quiz playlist
You Got
0%
They Got
Avg Score
56%
Avg Friend Score
Upgrade to see
Score Distribution
Jump to the score distribution portion of the page
Score
0/224
Timer
12:00
0
Plays Today
Year and Brand
superstar
% Correct
2024 Men's
Randy Orton
99.2%
2024 Men's
Drew McIntyre
98.4%
2024 Men's
Bobby Lashley
97.7%
2023 Men's
Seth 'Freakin' Rollins
97.1%
2021 Raw
Randy Orton
96.6%
2024 Women's
Becky Lynch
96.1%
2024 Men's
Logan Paul
96.1%
2024 Men's
Kevin Owens
96.1%
2021 Raw
Kofi Kingston
95.8%
2002
Triple H
95.6%
2003
Triple H
95.6%
2005
Triple H
95.6%
2008 Raw
Triple H
95.6%
2009 Smackdown
Triple H
95.6%
2010 Raw
Triple H
95.6%
2022 Men's
Seth 'Freakin' Rollins
95.5%
2024 Women's
Liv Morgan
95.3%
2022 Men's
Bobby Lashley
95.3%
2006 Raw
John Cena
94.7%
2009 Raw
John Cena
94.7%
2010 Raw
John Cena
94.7%
2014
John Cena
94.5%
2018 Men's
John Cena
94.4%
2017
John Cena
94.4%
2020 Men's
Kofi Kingston
94.3%
2020 Men's
The Miz
93.9%
2020 Men's
Big E
93.3%
2019 Men's
Randy Orton
93.2%
2011 Raw
John Cena
93.1%
2024 Women's
Bianca Belair
93%
2024 Women's
Naomi
93%
2021 Raw
Sheamus
92.6%
2019 Men's
Kofi Kingston
92.4%
2003
Randy Orton
92.1%
2005
Randy Orton
92.1%
2010 Raw
Randy Orton
92.1%
2021 SmackDown
Daniel Bryan
91.8%
2013
Randy Orton
91.8%
2014
Randy Orton
91.6%
2022 Men's
AJ Styles
91.6%
2002
Shawn Michaels
91.3%
2003
Shawn Michaels
91.3%
2006 Raw
Shawn Michaels
91.3%
2008 Raw
Shawn Michaels
91.3%
2015 Tag Team
Kofi Kingston
90.9%
2021 Raw
AJ Styles
90.9%
2012 Raw
Kofi Kingston
90.8%
2022 Men's
Brock Lesnar
90.7%
2011 Raw
Randy Orton
90.6%
2021 Raw
Jeff Hardy
90.5%
2023 Women's
Liv Morgan
90.3%
2010 Raw
Kofi Kingston
90.2%
2002
Kane
90%
2006 Raw
Kane
90%
2009 Raw
Kane
90%
2023 Women's
Asuka
90%
2013
Kane
89.5%
2015 Tag Team
Big E
89.1%
2023 Men's
Austin Theory
89%
2008 Smackdown-
ECW
Undertaker
88.5%
2009 Smackdown
Undertaker
88.5%
2010 Smackdown
Undertaker
88.5%
2021 SmackDown
Jey Uso
88.4%
2011 Smackdown
Kane
88.3%
2021 Raw
Drew McIntyre
88.2%
2021 SmackDown
Cesaro
88.2%
2022 Women's
Liv Morgan
88.2%
2017
The Miz
88.2%
2018 Men's
The Miz
88.1%
2019 Men's
Daniel Bryan
87.8%
2012 Raw
The Miz
87.6%
2024 Men's
LA Knight
87.5%
2005
Edge
87.3%
2009 Raw
Edge
87.3%
2009 Smackdown
Edge
87.3%
Year and Brand
superstar
% Correct
2018 Men's
Seth Rollins
87.1%
2022 Men's
Austin Theory
87%
2020 Men's
John Morrison
86.8%
2018 Men's
Roman Reigns
86.2%
2006 ECW
Big Show
86.1%
2009 Smackdown
Big Show
86.1%
2019 Men's
AJ Styles
86.1%
2002
Chris Jericho
86%
2003
Chris Jericho
86%
2005
Chris Jericho
86%
2008 Raw
Chris Jericho
86%
2009 Raw
Chris Jericho
86%
2010 Smackdown
Chris Jericho
86%
2020 Men's
Dolph Ziggler
85.9%
2019 Men's
Jeff Hardy
85.9%
2012 Smackdown
Big Show
85.7%
2019 Women's
Sasha Banks
85.7%
2012 Raw
Chris Jericho
85.6%
2011 Smackdown
Edge
85.5%
2015 Tag Team
Xavier Woods
85.5%
2013
Chris Jericho
85.4%
2022 Women's
Alexa Bliss
85.3%
2013
Daniel Bryan
85.2%
2012 Smackdown
Daniel Bryan
85.2%
2014
Daniel Bryan
85.2%
2024 Women's
Tiffany Stratton
85.2%
2023 Women's
Natalya
85.1%
2017
Dean Ambrose
84.6%
2020 Men's
Jimmy Uso
84.5%
2020 Men's
Jey Uso
84.4%
2018 Women's
Sasha Banks
84.2%
2017
AJ Styles
83.9%
2024 Women's
Raquel Rodriguez
83.6%
2019 Women's
Bayley
83.3%
2010 Raw
Sheamus
82.3%
2014
Sheamus
82.1%
2021 SmackDown
Kevin Owens
82.1%
2015 Intercontinental
Sheamus
82%
2018 Men's
Braun Strowman
81.9%
2022 Women's
Bianca Belair
81.9%
2023 Women's
Carmella
81.8%
2017
Bray Wyatt
81.4%
2020 Women's
Asuka
81.3%
2018 Women's
Bayley
81.2%
2008 Raw
Jeff Hardy
81.1%
2009 Smackdown
Jeff Hardy
81.1%
2011 Raw
King Sheamus
81.1%
2006 ECW
CM Punk
80.1%
2010 Smackdown
CM Punk
80.1%
2020 Women's
Liv Morgan
80%
2005
Batista
79.9%
2008 Smackdown-
ECW
Batista
79.9%
2012 Raw
CM Punk
79.6%
2021 SmackDown
King Corbin
79.5%
2018 Women's
Alexa Bliss
79.4%
2002
Rob Van Dam
79.3%
2006 ECW
Rob Van Dam
79.3%
2011 Raw
CM Punk
78.7%
2014
Cesaro
78.4%
2015 Tag Team
Cesaro
78.3%
2021 SmackDown
Sami Zayn
77.7%
2009 Raw
Rey Mysterio
77.7%
2010 Smackdown
Rey Mysterio
77.7%
2006 ECW
Bobby Lashley
77.6%
2022 Women's
Rhea Ripley
77.3%
2020 Women's
Natalya
76.9%
2019 Women's
Nia Jax
76.3%
2018 Men's
Finn Balor
76.1%
2011 Smackdown
Rey Mysterio
76%
2012 Raw
Dolph Ziggler
75%
2015 Intercontinental
Dolph Ziggler
74.6%
2023 Men's
Montez Ford
74.4%
2020 Men's
Bobby Roode
74.1%
2003
Goldberg
73.8%
2011 Smackdown
Dolph Ziggler
73.6%
Year and Brand
superstar
% Correct
2002
Booker T
73.4%
2020 Men's
Otis
72.7%
2023 Men's
Damian Priest
72.6%
2020 Women's
Shayna Baszler
72.6%
2017
Baron Corbin
72.4%
2013
Mark Henry
72%
2023 Men's
Bronson Reed
71.9%
2015 Intercontinental
Mark Henry
71.7%
2020 Women's
Sarah Logan
71.6%
2019 Women's
Mandy Rose
71.5%
2014
Christian
71.4%
2015 Intercontinental
Ryback
71.4%
2019 Women's
Tamina
71.1%
2023 Men's
Johnny Gargano
70.6%
2019 Women's
Liv Morgan
70.4%
2018 Women's
Mandy Rose
70.2%
2019 Men's
Samoa Joe
70.1%
2012 Smackdown
Wade Barrett
69.9%
2010 Smackdown
John Morrison
69.7%
2020 Women's
Ruby Riott
69.5%
2022 Men's
Riddle
69.5%
2015 Intercontinental
King Barrett
69.4%
2015 Tag Team
Kalisto
69.3%
2015 Tag Team
Tyson Kidd
68.7%
2006 Raw
Kurt Angle
68.7%
2011 Smackdown
Wade Barrett
68.7%
2019 Women's
Naomi
68.7%
2005
Chris Benoit
68.6%
2019 Women's
Carmella
68.5%
2019 Women's
Sonya Deville
68.5%
2011 Raw
John Morrison
68.4%
2020 Men's
Tucker
68.4%
2015 Tag Team
Sin Cara
68.3%
2022 Women's
Nikki A.S.H.
67.7%
2010 Smackdown
R-Truth
67.3%
2012 Raw
R-Truth
67%
2018 Women's
Sonya Deville
66.7%
2023 Women's
Raquel Rodriguez
66.5%
2011 Raw
R-Truth
66.4%
2015 Intercontinental
R-Truth
66.1%
2018 Men's
Elias
65.5%
2019 Women's
Sarah Logan
65%
2012 Smackdown
Cody Rhodes
64.9%
2008 Smackdown-
ECW
The Great Khali
64.7%
2006 Raw
Carlito
64.6%
2012 Smackdown
The Great Khali
64.5%
2019 Women's
Peyton Royce
64.3%
2019 Women's
Billie Kay
64.1%
2013
Jack Swagger
63.1%
2023 Women's
Nikki Cross
62.2%
2012 Smackdown
Santino Marella
61.7%
2018 Women's
Mickie James
61.1%
2008 Smackdown-
ECW
Montel Vontavious Porter
60.9%
2003
Kevin Nash
60.3%
2011 Smackdown
Drew McIntyre
59.5%
2015 Tag Team
Darren Young
59.2%
2015 Tag Team
Titus O'Neil
59%
2010 Raw
Ted DiBiase
58.8%
2006 Raw
Chris Masters
58.5%
2015 Tag Team
Viktor
58%
2008 Raw
Umaga
57.4%
2015 Tag Team
Konnor
57.2%
2006 ECW
Test
57.1%
2022 Women's
Doudrop
56.8%
2020 Men's
Gran Metalik
55.8%
2008 Raw
John 'Bradshaw' Layfield
55.3%
2008 Smackdown-
ECW
Big Daddy V
55.3%
2020 Men's
Lince Dorado
55%
2008 Smackdown-
ECW
Finlay
55%
2006 ECW
Hardcore Holly
52.3%
2015 Tag Team
Diego
50%
2015 Tag Team
Fernando
49.1%
2009 Raw
Mike Knox
47.9%
2009 Smackdown
Vladimir Kozlov
47.4%
Quiz Playlist
Details
Report
Send in Message
Add To Playlist
Classic:
Type in answers that appear in a list
Quiz Source
Last Updated: Jan 29, 2019
Quiz Scoreboard
CHALLENGE
Sign Up to Join the Scoreboard
Show All
Scores
Hide
Comments
May contain spoilers
Recently Published
College Basketball Coaching Resumes
by pancakes188
Sports
9m
Billboard Blitz: Fleetwood Mac
by CooCooCachoo
Music
15s
Presidents Visiting Landmarks
by Hejman
History
7m
More to Explore
Quiz From the Vault
Featured Blog Post
Where Did the Easter Bunny Come From?
hide this ad
You Might Also Like...
Tags
WWE Quiz
Chamber
elimination
Elimination Chamber
PPV
Superstar
Today's Top Quizzes in Sports
Browse Sports
hide this ad
Today's Top Quizzes in WWE
Browse WWE
Top Contributed Quizzes in Sports
1
2022 World Cup Stars
2
Les meilleurs buteurs des matchs entre le PSG et l’OM
3
FIFA Club World Cup Champions
4
Les entraîneurs de l'OM et du PSG au 21e siècle
5
Criteria MLB: Left Handed Sluggers
6
AFC Teams Reveal (Wrong Answers Minefield)
7
5-to-1: UK Sports Teams
8
5-to-1: FBS Animal Nicknames
9
2023 MLB Unique Player Accomplishments
10
Name the Premier League winners with different clubs
Explore More
Trending Topics
NBA
Marvel
Disney
Harry Potter
Kpop
Crossword
Anime
Puzzle
NFL
Soccer
Country
WWE
Song
The Office
Pokémon
hide this ad
More By:
jrock826
Quiz
Plays
Rating
Category
Featured
Created
World Heavyweight Champions (Clickable)
36,202
2.38
Sports
Mar 29, 2012
Randy Orton WWE PPV/Network Event Opponents
10,780
3.21
Sports
Feb 16, 2011
NBA Eastern Conference PPG Team Leaders 2000-2019
10,368
4.80
Sports
Jan 29, 2015
Top 100 MLB Players of 2018
9,783
4.33
Sports
Feb 15, 2018
NFL Random Trivia (2005-15)
8,075
3.30
Sports
Nov 14, 2014
Go to Creator's Profile
Score Distribution
Quiz Creator Spotlight
jrock826
Follow
Send a Message
Quizzes Created
-
Created Quiz Play Count
-
More By This Creator
Popular Quizzes Today
1
Find the US States - No Outlines Minefield
2
Find the Countries of Europe - No Outlines Minefield
3
The Countries of the World
4
Find the US States
5
Risky Map Clicking: Biggest States A-Z
6
US States
7
Popular People in 1961
8
Movies - When Are They Set?
More Sports Quizzes
World Cup Final Balls
Curator's Pick
Trending Quizzes
Risky Map Clicking: Least Populous States A-Z
1-10 Letter G Words
1-10 Letter F Words
Risky Map Clicking: Next State Alphabetically
Risky Map Clicking: Biggest States A-Z
Recently Updated
Leaping Animals
pecheneg
Reality TV Shows (A-Z)
bhenderson79
Rickey Henderson's Hall of Fame Teammates
pecheneg
Champions League XIs: Arsenal
pecheneg
Quick Pick: Celebrities in WWE's Hall of Fame
aduchscher
A-Z Keypad Blitz II
pecheneg
Multiple Oscar Actors
pecheneg
Mystery Phrase Blitz: Oscar 'Best Actors'
pecheneg
F. Scott Fitzgerald Novels
LTH
Pick 3 Villains
ddd62291
Trending Topics
Disney
Marvel
Crossword
Anime
Kpop
NBA
Harry Potter
Puzzle
NFL
Soccer
Country
Song
Pokémon
The Office
WWE
Your Account Isn't Verified!
In order to create a playlist on Sporcle, you need to verify the email address you used during registration. Go to your
Sporcle Settings
to finish the process.
Report this User
Report this user for behavior that violates our
Community Guidelines
.
Details:
Send Report
Go to the Sporcle.com Mobile Site →
Comments